00302nam a2200121Ia 4500008004100000082001600041100002100057245004900078250001200127260002500139300000800164650000800172191201s2003 xx 000 0 und d a658.18bHII aHILL,Charles W.L 0aInternational Business competing in …….. a6th Rep aN.DelhibIrwinc2003 a703 aMBA